ARRUPE JESUIT UNIVERSITY

CORONAVIRUS -STOP THE SPREAD - CLEAN,DISINFECT,COVER

The Catholic directory 2011-2012 (Record no. 130255)

MARC details
000 -LEADER
fixed length control field 00520nam a22001337a 4500
008 - FIXED-LENGTH DATA ELEMENTS--GENERAL INFORMATION
fixed length control field 200203b ||||| |||| 00| 0 eng d
050 ## - LIBRARY OF CONGRESS CALL NUMBER
Classification number REF. BX1682.S6
Item number S727 2011
110 ## - MAIN ENTRY--CORPORATE NAME
Corporate name or jurisdiction name as entry element Southern African Catholic Bishops Conference
9 (RLIN) 49252
245 ## - TITLE STATEMENT
Title The Catholic directory 2011-2012
Statement of responsibility, etc Southern African Catholic Bishops Conference
260 ## - PUBLICATION, DISTRIBUTION, ETC. (IMPRINT)
Place of publication, distribution, etc Pretoria
Name of publisher, distributor, etc Southern African Catholic Bishops Conference
Date of publication, distribution, etc 2011
300 ## - PHYSICAL DESCRIPTION
Extent 888p. ;
Dimensions 21cm.
650 ## - SUBJECT ADDED ENTRY--TOPICAL TERM
Topical term or geographic name as entry element Catholic Church
General subdivision Directories
Geographic subdivision South Africa
9 (RLIN) 25659
942 ## - ADDED ENTRY ELEMENTS (KOHA)
Source of classification or shelving scheme Library of Congress Classification
Item type REFERENCE
Holdings
Withdrawn status Lost status Source of classification or shelving scheme Damaged status Not for loan Collection code Home library Current library Shelving location Date acquired Total Checkouts Full call number Barcode Date last seen Price effective from Koha item type
    Library of Congress Classification     Main Collection ARRUPE LIBRARY ARRUPE LIBRARY Main Collection 03/02/2020   REF. BX1682.S6 S727 2011 46600006624 03/02/2020 03/02/2020 REFERENCE

 

Arrupe Library. PO Box MP320 Mt Pleasant, Harare, Zimbabwe
263 242 745411|librarian@aju.ac.zw